The C++ [i.e. C Plus Plus] Programming Language /

Contenido: Introducción; 1) Utilidades básicas: Tipos y declaraciones; Punteros, arrays y estructuras; Expresiones y sentencias; Funciones; Espacios de nombres y excepciones; Archivos fuente y programas. 2) Mecanismos de abstracción: Clases; Plantillas; Tratamiento de excepciones; Jerarquías de clas...

Descripció completa

Guardat en:
Dades bibliogràfiques
Autor principal: Stroustrup, Bjarne (autor)
Format: Llibre
Idioma:anglès
Publicat: Nueva Jersey, EUA : Addison-Wesley, 2004, c2000
Edició:2a edición
Matèries:
Etiquetes: Afegir etiqueta
Sense etiquetes, Sigues el primer a etiquetar aquest registre!

MARC

LEADER 00000nam^a2200000^a^4500
001 000371777
005 20250521000000.0
009 20260310115940.589
020 |a 0-201-70073-5 
025 |a Donación Juan Diego Castillo, 1 ejemplar 
037 |a Acervo ITESO - Biblioteca 
041 |a ING 
082 |a 005. 133  |b STR 
100 |a Stroustrup, Bjarne  |e (autor) 
240 1 4 |a [El lenguaje de programación C++] 
245 1 4 |a The C++ [i.e. C Plus Plus] Programming Language /  |c B. Stroustrup. 
250 |a 2a edición 
264 4 |a Nueva Jersey, EUA :  |b Addison-Wesley,  |c 2004, c2000 
300 |a X, 1020 p. 
336 |a texto  |b txt  |2 rdacontenido 
337 |a sin mediación  |b n  |2 rdamedio 
338 |a volumen  |b nc  |2 rdasoporte 
520 |a Contenido: Introducción; 1) Utilidades básicas: Tipos y declaraciones; Punteros, arrays y estructuras; Expresiones y sentencias; Funciones; Espacios de nombres y excepciones; Archivos fuente y programas. 2) Mecanismos de abstracción: Clases; Plantillas; Tratamiento de excepciones; Jerarquías de clases. 3) La biblioteca estándar: Organización de la biblioteca y contenedores; Contenedores estándar; Algoritmos y objetos función; Iteradores y asignadores; Cadenas; Flujos; Números. 4) Diseño con C++: Desarrollo y diseño; Diseño y programación; Los papeles de las clases. Apéndices. 
649 |a XX 
650 |a Algoritmos 
650 |a Arboles (Matemáticas) 
650 |a Teoría de Grafos 
650 |a Análisis Numérico 
650 |a Estructura de Datos 
650 |a Proceso de Datos 
650 |a Lenguajes de Programación -  |x Tema Principal 
650 |a Programación Orientada a Objetos 
650 |a Programación (Software) 
650 |a Desarrollo de Sistemas 
650 |a Sistemas Computacionales 
650 |a Matemáticas de Ingeniería 
650 |a Ingeniería Computacional 
910 |a Fondo Castillo-Martínez 
920 |a Impresos - Libros 
930 |a Fondos Especiales 
905 |a 127 
901 |a 0500265770  |b IT2  |c ESP  |i D  |u 20250521 
902 |a https://opac.biblio.iteso.mx/vufind/Record/000371777